|
|
|
|
| LEADER |
00000nam a2200000 i 4500 |
| 001 |
1/54366 |
| 008 |
070910s2003 gre d |
| 020 |
|
|
|a 960-87652-5-0
|
| 035 |
|
|
|l 10090553
|
| 040 |
|
|
|a GR-MY-UA
|b gre
|e aacr
|
| 041 |
0 |
|
|a gre
|
| 082 |
0 |
|
|a 320.5409495
|2 (22)
|
| 100 |
1 |
|
|a Χατζηαντωνίου, Κώστας,
|d 1965-
|
| 245 |
1 |
0 |
|a Εθνικισμός και ελληνικότητα :
|b δοκίμια εθνικής θεωρίας και ελληνικής ιστορίας /
|c Κώστας Χατζηαντωνίου
|
| 250 |
|
|
|a 2η αναθ. έκδ.
|
| 260 |
|
|
|a [Αθήνα] :
|b Πορθμός,
|c [2003]
|
| 300 |
|
|
|a 340 σ.;
|c 20 εκ.
|
| 650 |
0 |
0 |
|a Hellenism.
|
| 650 |
0 |
0 |
|a Hellenism
|x History.
|
| 650 |
0 |
0 |
|a National characteristics, Greek.
|
| 650 |
0 |
0 |
|a Nationalism.
|
| 852 |
|
|
|a INST
|b RHODES
|e 20070910
|h 320.5409495 ΧΑΤ
|p 005400025837
|q 005400025837
|t BK
|y 0
|
| 901 |
|
|
|a BIBL4-2007-3
|
| 909 |
|
|
|a Ρ
|b 138575
|
| 922 |
|
|
|a 4ΕΛΗ
|b 200708
|c ΕΠΕΑΕΚ2/ΠΤΔΕ
|d Σ. ΠΑΤΑΚΗΣ
|
| 970 |
|
|
|a ΧΑΡΙΟΠΟΛΙΤΟΥ
|b ΚΩΝΣΤΑΝΤΙΝΑ
|z 2007/09/10
|